Nuevo ordenamiento de la basura

-д хадгалсан:
Номзүйн дэлгэрэнгүй
Үндсэн зохиолч: Martín Mateo, Ramón (autor)
Формат: Ном
Хэл сонгох:испани
Хэвлэсэн: Madrid Trivium 1998
Хэвлэл:1a. ed
Нөхцлүүд:
Шошгууд: Шошго нэмэх
Шошго байхгүй, Энэхүү баримтыг шошголох эхний хүн болох!

MARC

LEADER 00000cam a2200000 a 4500
001 UCG9840
003 CL-VaPUC
008 120405e19980900SP |||||||||||||||||spa|d
020 |a 8478557288 
082 0 4 |a 363.737  |b MAR  |2 21 
100 |a Martín Mateo, Ramón  |e autor  |9 561628 
245 1 0 |a Nuevo ordenamiento de la basura 
250 |a 1a. ed 
300 |a 225 p 
942 |c BK 
945 |d 20120405 00:00:00  |a dcastane 
260 |a Madrid  |b Trivium  |c 1998 
650 7 |a BASURA  |2 CL-VaPUC  |9 349548 
650 7 |a RECOLECCION  |2 CL-VaPUC  |9 401556 
650 0 |a Tratamiento de residuos  |9 262890 
650 0 |a Ordenamiento jurídico   |9 355371 
651 0 |a España  |9 254926 
583 |a last modification  |c 20120405 11:40:00  |k Rodrigo Vera 
999 |c 347376  |d 347374 
952 |0 0  |1 0  |4 0  |6 363_737000000000000_MAR_1998  |7 0  |8 A  |9 448658  |a BIBING  |b BIBING  |d 2019-11-22  |i 4854020  |o 363.737 MAR 1998  |p 4854020  |r 2025-01-20  |w 2019-11-22  |y BK  |k GEO